000 00304nam a2200121Ia 4500
005 20251222144626.0
008 251222s9999||||xx |||||||||||||| ||spa||
020 _a84-600-2592-6
082 _a333/U61
245 0 _aLa Propiedad de la Tierra en EspaƱa
264 _bUniversidad de Alicante
942 _cLIB
999 _c16144
_d16144